000 01782nam a2200337 4500
001 114283
003 DR-UNIBE
005 20260120062554.0
008 251204b2025 dr ||||| |||| 00| 1 spa d
020 _a9789945510911
040 _aBIBLIOTECA UNIBE
_bspa
_cBIBLIOTECA UNIBE
_erda
041 _aspa
090 _aFBIU-EN NI-SA235L 2025
100 1 0 _aSantis, Géraldine de,
_d1980-
_953457
_eautor
245 1 3 _a La temible banda de los atracadores de sueños /
_cGeraldin de Santis ; coordinación editorial: Clara Dobarro ; edición : María del Carmen Vicente, Clara Dobarro ; diseño de cubierta: Elizabeth López Rosario ; diagramación y arte final: Amado Santana ; ilustraciones de interior y cubierta: Wi-Hen Fung ; foto de solapa: Onasis Paulino ; presentación : Dulce Elvira de los Santos
250 _aSegunda edición
260 _aSanto Domingo :
_b Editora Nacional,
_c2025
300 _a186 páginas :
_bilustraciones en b/n ;
_c20 x 12 cm
504 _aPremio Anual de Literatura Infantil y Juvenil "Aurora Tavárez Belliard" 2023. Incluye datos del autor en las solapas
653 7 _a Novela infantil dominicana
653 7 _aLiteratura infantil dominicana
653 7 _aEspionaje - Novela infantil dominicana
700 _aDobarro, Clara
_9142384
_ecoordinador editorial
_eeditor
700 _aVicente, María del Carmen
_9142383
_eeditor
700 _aLópez Rosario, Elizabeth
_9191723
_ediseñador de cubierta
700 _aSantana, Amado,
_q(Santana Chalas, Amado Alexis)
_ediagramador
_earte final
_947845
700 _aFung, Wi-Hen
_9126967
_eilustrador
700 _aPaulino, Onasis
_9201302
_efotógrafo del autor
700 _aSantos, Dulce Elvira de los,
_d1964-
_q(Santos Mata, Dulce Elvira de los)
_960846
_epresentación
942 _2ddc
_cBK
999 _c114283
_d114283